000 00490nmm a2200145Ia 4500
008 251105s9999||||xx |||||||||||||||||und||
041 _aspa
100 _aHernán Caballo, Fabio
245 0 _aLa meretriz inmaculada: discursos anticatólico y antiprotestante en la Colombia decimonónica
264 _a[Bogotá, Colombia] :
_bUniversidad del Rosario,
_c2017
300 _a192 páginas
650 _aReligion(s)
856 _uhttps://public.digitaliapublishing.com/a/52169
942 _cCF
999 _c106547
_d106547